| 000 | 01077cam a2200277 4500 | ||
|---|---|---|---|
| 008 | 090401t1994 xxu||||| |||| 00| 0 eng d | ||
| 020 | _a0117529869 | ||
| 035 | _a(Sirsi) u75448 | ||
| 041 | _aeng | ||
| 050 |
_a338.276 _c18 |
||
| 110 |
_aUnited Kingdom _bDepartment of the Environment _9982 |
||
| 245 |
_aMinerals planning guidance _bguidelines for aggregates provision in England |
||
| 250 | _aRev. ed. | ||
| 260 |
_aLondon _bHMSO _c1994 |
||
| 300 |
_a42p. _c30cm. |
||
| 350 | _a6.25 | ||
| 490 |
_aMPG _v6 |
||
| 520 | _aProvides advice to mineral planning authorities and the minerals industry on balancing ensuring an adequate and steady supply of material with the principles of sustainable development. View at www.planning.odpm.gov.uk. | ||
| 520 | _aSupersedes first edition (ISBN 0117521795). | ||
| 650 | _aMINERALS PLANNING | ||
| 650 | _aMINERALS PLANNING GUIDANCE NOTE SIX | ||
| 690 | _aMINING AND MINERALS | ||
| 856 |
_uhttps://www.communities.gov.uk/index.asp?id=1144184 _vView the guidance on the ODPM website... |
||
| 942 | _n0 | ||
| 948 | _c04/03/1997 | ||
| 999 |
_c96016 _d96016 |
||